| 000 | 00598nam a2200169Ia 4500 | ||
|---|---|---|---|
| 008 | 151213s9999 xx 000 0 und d | ||
| 020 | _a984-809041-1 | ||
| 100 | _aঅনুপম হায়াৎ | ||
| 245 |
_aচিত্রনাট্যকলা। _cঅনুপম হায়াৎ |
||
| 250 | _a১ম সং | ||
| 260 |
_aঢাকা _bবিশ্ববিদ্যালয় মঞ্জুরী কমিশন। _c2007 |
||
| 300 | _a4621 p. | ||
| 650 | _aBangla | ||
| 650 | _aচিত্রনাট্য | ||
| 700 | _aঅনুপম হায়াৎ | ||
| 999 |
_c2977 _d2977 |
||